000 00614nam a2200229Ia 4500
005 20250519112822.0
008 230125s9999 xx 000 0 und d
020 _a978-93-5142-682-0
041 _aeng
082 _a174.4
_bCHA/SIN
100 _aChattopadhyay S
_9118564
245 _aEthics and Values for Engineers and Managers
250 _a1st Ed.
260 _c2017
_bHimalaya Publishing House
_aMumbai
300 _a366p
650 _aBusiness ethics
700 _aChattopadhyay S & Singh S
_9118565
906 _b106.25
942 _cBK
999 _c96643
_d96643
500 _aBusiness Ethics